| 000 | 00834nam a2200253 a 4500 | ||
|---|---|---|---|
| 001 | BRCA_4542 | ||
| 005 | 20190320204718.0 | ||
| 008 | 220910s1920----gw-a######---#000-0#ger-# | ||
| 041 | _ager | ||
| 044 | _agw | ||
| 050 | 4 |
_aNK2808 _b.N48 1 _c1920 |
|
| 100 | 1 |
_aNeugebauer, Rudolf _911505 |
|
| 245 | 1 | 0 |
_aHandbuch der Orientalischen Teppichkunde _cvon Rudolf Neugebauer und Julius Orendi ; mit einer einführung von Richard Graul. |
| 260 |
_aLeipzig, Alemania _bKarl W. Hiersemann _c1920 |
||
| 300 |
_axii, 246 p. _bil. (algunas a color), 1 mapa plegable _c24 cm. |
||
| 440 | 0 |
_aHiersemanns handbücher _v4 _97398 |
|
| 500 | _aVer también D63 (1923) y Y100 (1909) | ||
| 500 | _aD14 | ||
| 650 | 1 | 4 |
_aTapetes orientales _97601 |
| 700 | 1 |
_aOrendi, Julius _911506 |
|
| 700 | 1 |
_aGraul, Richard _97472 |
|
| 902 | _aGFM | ||
| 942 |
_2lcc _cB |
||
| 999 |
_c4248 _d4248 |
||